Alabama School Districts (Map) - Statistics

General Stats
  • This quiz has been taken 51 times
    40 since last reset
  • The average score is 40 of 143
Answers on the Map
Answers color-coded by a green-red scale on the quiz's map according to % correct below.
 
Answer Stats
School district % Correct
Montgomery
87%
Birmingham
78%
Huntsville
70%
Mobile
70%
Tuscaloosa
70%
Auburn
65%
Jefferson
65%
Madison
65%
Hoover
57%
Washington
57%
Dothan
52%
Jackson
52%
Lauderdale
52%
Limestone
52%
Baldwin
48%
Cullman
48%
Florence
48%
Gadsden
48%
Shelby
48%
DeKalb
43%
Escambia
43%
Opelika
43%
Pike
43%
Decatur
39%
Homewood
39%
Lee
39%
Monroe
39%
Sumter
39%
Talladega
39%
Bibb
35%
Blount
35%
Calhoun
35%
Cherokee
35%
Coosa
35%
Crenshaw
35%
Enterprise
35%
Greene
35%
Lawrence
35%
Perry
35%
Pickens
35%
Selma
35%
Tuscaloosa City
35%
Vestavia Hills
35%
Athens
30%
Autauga
30%
Barbour
30%
Chilton
30%
Choctaw
30%
Clay
30%
Cleburne
30%
Colbert
30%
Covington
30%
Dallas
30%
Etowah
30%
Houston
30%
Jasper
30%
Lowndes
30%
Mobile City
30%
Morgan
30%
Phenix
30%
St. Clair
30%
Troy
30%
Walker
30%
Wilcox
30%
Bessemer
26%
Bullock
26%
Butler
26%
Chambers
26%
Clarke
26%
Coffee
26%
Conecuh
26%
Dale
26%
Elmore
26%
Fayette
26%
Franklin
26%
Geneva
26%
Gulf Shores
26%
Hale
26%
Henry
26%
Lamar
26%
Marengo
26%
Marshall
26%
Mountain Brook
26%
Muscle Shoals
26%
Pelham
26%
Randolph
26%
Russell
26%
Tallapoosa
26%
Winston
26%
Alabaster
22%
Demopolis
22%
Fort Payne
22%
Macon
22%
Marion
22%
Sheffield
22%
Trussville
22%
Tuscumbia
22%
Guntersville
17%
Jacksonville
17%
Leeds
17%
Linden
17%
Oxford
17%
Sylacauga
17%
Talladega City
17%
Thomasville
17%
Alexander
13%
Anniston
13%
Arab
13%
Boaz
13%
Brewton
13%
Chickasaw
13%
Cullman City
13%
Eufaula
13%
Fairfield
13%
Geneva City
13%
Hartselle
13%
Madison City
13%
Midfield
13%
Opp
13%
Ozark
13%
Pell City
13%
Piedmont
13%
Russellville
13%
Saraland
13%
Scottsboro
13%
Tarrant
13%
Winfield
13%
Albertville
9%
Andalusia
9%
Elba
9%
Haleyville
9%
Lanett
9%
Satsuma
9%
Attalla
4%
Maxwell AFB
4%
Oneonta
4%
Pike Road
4%
Roanoke
4%
Tallassee
4%
Alabama Institute for Deaf and Blind
0%
Daleville City
0%
Fort Rucker
0%
No matching quizzes found
Score Distribution
Percent of People with Each Score
Percentile by Number Answered
Your Score History
You have not taken this quiz since the last reset